000
00287nmm a2200097Ia 4500
008
220120s9999||||xx |||||||||||||||||und||
020
_a
81-265-0205-3
100
_a
Meier, Michael, L
245
0
_a
introduction to meterial science for engineers
260
_a
Tata mcgraw hill
_b
New Delhi
_c
2010
999
_c
139538
_d
139538